000
00340nam a2200157Ia 4500
003
OSt
008
191201s2010 xx 000 0 und d
082
_a
658.804
_b
GHI
100
_a
GHOSE,PK
245
0
_a
Industrial Marketing
250
_a
9th IMP
260
_a
N. Delhi
_b
Oxford
_c
2010
300
_a
568
650
_a
MBA
942
_2
ddc
_c
BK
999
_c
4810
_d
4810